Dirigeants politiques A-Z par image - Statistiques

Statistiques générales
  • Ce quiz a été pris 618 fois
  • Le résultat moyen est 16 sur 26
Statistiques - réponses
Par images Hint Réponse % Correct
D Donald Trump
100%
E Emmanuel Macron
100%
F François Hollande
99%
N Napoléon Bonaparte
96%
V Vladimir Poutine
96%
K Kim Jong-un
95%
A Abraham Lincoln
93%
C Charles de Gaulle
90%
M Mao Zedong
85%
X Xi Jinping
85%
W Winston Churchill
81%
G George Washington
80%
L Luiz Inácio Lula da Silva
66%
B Benito Mussolini
65%
J Javier Milei
59%
O Olaf Scholz
57%
R Recep Tayyip Erdoğan
56%
T Theodore Roosevelt
37%
H Hugo Chávez
27%
P Pedro Sánchez
27%
S Simón Bolívar
19%
I Indira Gandhi
16%
U Ulysses S. Grant
14%
Q Quintus Fabius Maximus Verrucosus
8%
Y Yoon Suk-yeol
7%
Z Zoran Milanović
1%
Aucun quiz correspondant
Distribution des résultats
% des personnes avec chaque résultat
Percentile par nombre de réponses
Votre historique - résultats
Vous n’avez pas pris ce quiz